Teaching business English

Spremljeno u:
Bibliografski detalji
Glavni autor: Mark Ellis
Format: Knjiga
Jezik:Undetermined
Izdano: Oxford Oxford Univ. Press 1996
Teme:
Oznake: Dodaj oznaku
Bez oznaka, Budi prvi tko označuje ovaj zapis!
Thư viện lưu trữ: Trung tâm Học liệu Trường Đại học Cần Thơ
LEADER 00580nam a2200193Ia 4500
001 CTU_35456
008 210402s9999 xx 000 0 und d
020 |b 141.000đ 
082 |a 428.24 
082 |b E47 
100 |a Mark Ellis 
245 0 |a Teaching business English 
245 0 |c Mark Ellis, Christine Johnson 
260 |a Oxford 
260 |b Oxford Univ. Press 
260 |c 1996 
650 |a english language - study and teaching,english language - textbooks for foreign speakers 
904 |i Minh, 000229 
980 |a Trung tâm Học liệu Trường Đại học Cần Thơ